000 00467nam a2200181Ia 4500
001 10493
005 20260306161836.0
008 260306t1992||||xx |||||||||||||| ||spa||
041 _aESP
082 _a938
_bH19
100 _aHammond, N.G.L. (Nicholas Geoffrey L.), 1907-2001
_eAUT
245 0 _aAlejandro Magno:
_bRey, general y estadista
260 _c1992
300 _a441 páginas :
_c20 cm.
650 _aGEN
654 _aCHU
942 _cLIB
_dJUS
_fJUS
_2ddc
_n
999 _c10493
_d10493